[Event "LSS ZH-2008-0-00205"]
[Site "LSS email"]
[Date "2008.07.18"]
[Round "?"]
[White "Matic, Davor"]
[Black "Domanov, Dmitry"]
[Result "1-0"]
[WhiteElo "2146"]
[BlackElo "2409"]
[PlyCount "133"]
[EventDate "2008.07.16"]
[EventType "match (corr)"]
[EventRounds "2"]
[EventCountry "GER"]
[SourceTitle "Corr 2011"]
[Source "ChessBase"]
[SourceDate "2010.08.31"]
[SourceVersion "1"]
[SourceVersionDate "2010.08.31"]
[SourceQuality "1"]

1. e4 c5 2. Nf3 d6 3. d4 cxd4 4. Nxd4 Nf6 5. Nc3 a6 6. Be3 e6 7. g4 h6 8. Bg2 Nc6 9. h3 Bd7 10. f4 Be7 11. Qe2 Qc7 12. 0-0-0 Rc8 13. Kb1 b5 14. Nb3 0-0 15. Qf2 Be8 16. Bf3 b4 17. Na4 Nd4 18. Nxd4 Bxa4 19. h4 e5 20. Nb3 exf4 21. Bxf4 Nd7 22. g5 Ne5 23. Rh2 h5 24. Bxh5 a5 25. Nd4 Bd7 26. Nf5 Be6 27. Qd4 g6 28. Nxe7+ Qxe7 29. Be2 Qc7 30. Rc1 Bc4 31. Rch1 Bxe2 32. Rxe2 Qc4 33. Qd1 a4 34. h5 Rfd8 35. Rd2 b3 36. Bxe5 bxc2+ 37. Rxc2 Qxc2+ 38. Qxc2 Rxc2 39. h6 dxe5 40. Kxc2 Rd4 41. Re1 Rd6 42. Re3 f6 43. Rd3 Rc6+ 44. Rc3 Rd6 45. Rc8+ Kh7 46. Rc7+ Kh8 47. gxf6 Rxf6 48. Rg7 Rf2+ 49. Kc3 a3 50. b4 Rxa2 51. Kb3 Re2 52. Kxa3 Re3+ 53. Kb2 Rxe4 54. Kc3 Re3+ 55. Kc4 Re4+ 56. Kc5 Re2 57. Rxg6 Kh7 58. Rb6 e4 59. b5 e3 60. Kd4 Re1 61. Kd3 Kg8 62. Rb7 Kh8 63. b6 e2 64. Kd2 Rh1 65. Kxe2 Rb1 66. Kd3 Rb4 67. Kc3 1-0

[Event "IECG WC.2010.P.00002"]
[Site "IECG email"]
[Date "2006.06.05"]
[Round "?"]
[White "Hinterberger, Werner"]
[Black "Matic, Davor"]
[Result "1/2-1/2"]
[WhiteElo "2260"]
[BlackElo "2173"]
[PlyCount "34"]
[EventDate "2006.06.05"]
[EventType "tourn (corr)"]
[EventRounds "6"]
[SourceTitle "Corr 2008"]
[Source "ChessBase"]
[SourceDate "2008.06.24"]
[SourceVersion "1"]
[SourceVersionDate "2008.06.24"]
[SourceQuality "1"]

1. d4 Nf6 2. c4 g6 3. g3 Bg7 4. Bg2 d6 5. Nf3 0-0 6. 0-0 Nbd7 7. Nc3 e5 8. e4 c6 9. b3 a6 10. h3 Re8 11. d5 c5 12. Re1 Rb8 13. Bf1 Nf8 14. a3 Bd7 15. b4 Qc8 16. Kh2 b6 17. Bd2 h6 1/2-1/2

[Event "IECG WC.2010.P.00002"]
[Site "IECG email"]
[Date "2006.06.05"]
[Round "?"]
[White "Popov, Aleksey Vladimirovi"]
[Black "Matic, Davor"]
[Result "0-1"]
[WhiteElo "1762"]
[BlackElo "2173"]
[PlyCount "70"]
[EventDate "2006.06.05"]
[EventType "tourn (corr)"]
[EventRounds "6"]
[SourceTitle "Corr 2008"]
[Source "ChessBase"]
[SourceDate "2008.06.24"]
[SourceVersion "1"]
[SourceVersionDate "2008.06.24"]
[SourceQuality "1"]

1. e4 c5 2. Nf3 e6 3. d4 cxd4 4. Nxd4 Nc6 5. Nc3 a6 6. Be3 Qc7 7. f3 Nf6 8. Bd3 Ne5 9. 0-0 Bc5 10. Be2 0-0 11. f4 d6 12. Kh1 Ned7 13. a3 b5 14. Bf3 Bb7 15. Qe1 b4 16. axb4 Bxb4 17. Bd2 Rfc8 18. Qg3 Qc4 19. e5 Bxf3 20. exf6 Bg4 21. Nxe6 fxe6 22. f7+ Kxf7 23. Qxg4 Nf6 24. Qf3 d5 25. Rad1 a5 26. f5 e5 27. Bg5 e4 28. Qf2 Bxc3 29. bxc3 Rc5 30. Rb1 Ra6 31. Rb7+ Rc7 32. Rfb1 Qc6 33. Rb8 Qxc3 34. Qh4 Rc8 35. R1b7+ Kg8 0-1

[Event "IECG SH.2006.0.00052"]
[Site "IECG email"]
[Date "2006.05.01"]
[Round "?"]
[White "Canizares Cuadra, Pedro"]
[Black "Matic, Davor"]
[Result "1/2-1/2"]
[WhiteElo "2034"]
[BlackElo "2173"]
[PlyCount "41"]
[EventDate "2006.05.01"]
[EventType "tourn (corr)"]
[EventRounds "6"]
[SourceTitle "Corr 2008"]
[Source "ChessBase"]
[SourceDate "2008.06.24"]
[SourceVersion "1"]
[SourceVersionDate "2008.06.24"]
[SourceQuality "1"]

1. d4 Nf6 2. Nf3 g6 3. Bf4 Bg7 4. e3 d6 5. h3 0-0 6. Be2 c5 7. c3 Qb6 8. Qb3 Be6 9. Qxb6 axb6 10. a3 Nc6 11. Nbd2 h6 12. Bh2 Bf5 13. 0-0 g5 14. g4 Be6 15. Kg2 Nd7 16. Rfe1 f5 17. gxf5 Bxf5 18. d5 Na7 19. e4 Bg6 20. a4 Rf7 21. Bg3 1/2-1/2

[Event "IECG CP.2004.Q.00014 email"]
[Site "IECG email"]
[Date "2006.01.20"]
[Round "?"]
[White "Lehnert, Ronald"]
[Black "Matic, Davor"]
[Result "1-0"]
[WhiteElo "2233"]
[BlackElo "2222"]
[PlyCount "81"]
[EventDate "2006.01.20"]
[EventType "tourn (corr)"]
[EventRounds "6"]
[EventCountry "GER"]
[SourceTitle "Corr 2008"]
[Source "ChessBase"]
[SourceDate "2008.06.24"]
[SourceVersion "1"]
[SourceVersionDate "2008.06.24"]
[SourceQuality "1"]

1. d4 Nf6 2. c4 g6 3. Nc3 Bg7 4. e4 d6 5. Nf3 0-0 6. Be2 e5 7. d5 a5 8. Bg5 Na6 9. 0-0 h6 10. Be3 Ng4 11. Bd2 Nc5 12. Ne1 Nf6 13. Qc2 Nh7 14. Nd3 b6 15. Nxc5 bxc5 16. Nb5 f5 17. exf5 gxf5 18. f3 Bd7 19. Bd3 h5 20. Kh1 Rf6 21. Bc3 h4 22. Rg1 Bh6 23. g4 hxg3 24. Rxg3+ Kh8 25. Rag1 Bf4 26. Rh3 Qe7 27. Rh4 Bxb5 28. Rxf4 Bd7 29. Rh4 Rf7 30. Rh3 Rg8 31. Rxg8+ Kxg8 32. Rg3+ Kf8 33. Bxa5 Nf6 34. Bxc7 f4 35. Rg6 Bg4 36. fxg4 Qxc7 37. Qf2 e4 38. g5 Nxd5 39. Bxe4 Ne7 40. Rh6 Ng8 41. Rh4 1-0

[Event "CFriend CP-2005-P-00040"]
[Site "Chessfriend.com"]
[Date "2005.10.01"]
[Round "1"]
[White "Matic, Davor"]
[Black "Ivanov, Hristo V"]
[Result "0-1"]
[WhiteElo "2243"]
[BlackElo "2083"]
[PlyCount "112"]
[EventDate "2005.??.??"]
[EventType "tourn (corr)"]
[EventRounds "2"]
[SourceTitle "Corr 2008"]
[Source "ChessBase"]
[SourceDate "2008.06.24"]
[SourceVersion "1"]
[SourceVersionDate "2008.06.24"]
[SourceQuality "1"]

1. e4 c5 2. Nf3 Nc6 3. Bb5 g6 4. c3 Nf6 5. Qe2 Bg7 6. 0-0 0-0 7. Rd1 d5 8. e5 Ne8 9. h3 Nc7 10. Bxc6 bxc6 11. d4 Ba6 12. Qe3 cxd4 13. cxd4 Ne6 14. Nc3 f6 15. Bd2 fxe5 16. Nxe5 Qd6 17. Re1 Bxe5 18. Qxe5 Rf6 19. Na4 Bb5 20. Nc5 Nxc5 21. dxc5 Qxe5 22. Rxe5 Re8 23. Rae1 Kf7 24. b3 Rf5 25. Bc3 Rxe5 26. Bxe5 a5 27. a4 Bd3 28. Re3 Bc2 29. Rc3 Bb1 30. Rf3+ Ke6 31. Re3 Kf7 32. Kf1 Rd8 33. Rf3+ Ke6 34. Bc3 d4 35. Bxa5 Rd5 36. Bb4 Be4 37. Rg3 Rf5 38. a5 Kd5 39. Ba3 e5 40. Ke1 Rf8 41. h4 Ra8 42. b4 Kc4 43. Kd2 Re8 44. h5 gxh5 45. Rg7 Kb3 46. Bc1 Kxb4 47. a6 Kxc5 48. a7 Ra8 49. Bb2 Kd5 50. f3 Bg6 51. Rd7+ Ke6 52. Rc7 c5 53. Ba3 c4 54. g3 c3+ 55. Kc1 h4 56. gxh4 Bh5 0-1

[Event "CFriend SH-2005-0-00040 email"]
[Site "Chessfriend.com"]
[Date "2005.09.07"]
[Round "1"]
[White "Bernal Varela, Nelson"]
[Black "Matic, Davor"]
[Result "1/2-1/2"]
[WhiteElo "2172"]
[BlackElo "2243"]
[PlyCount "94"]
[EventDate "2005.??.??"]
[EventType "tourn (corr)"]
[EventRounds "8"]
[SourceTitle "Corr 2008"]
[Source "ChessBase"]
[SourceDate "2008.06.24"]
[SourceVersion "1"]
[SourceVersionDate "2008.06.24"]
[SourceQuality "1"]

1. e4 e5 2. Nf3 Nf6 3. Nxe5 d6 4. Nf3 Nxe4 5. d4 d5 6. Bd3 Nc6 7. 0-0 Bg4 8. c4 Nf6 9. cxd5 Bxf3 10. Qxf3 Qxd5 11. Qe2+ Be7 12. Bb5 Qd6 13. Nc3 0-0 14. Bxc6 bxc6 15. Rd1 Rfe8 16. Qf3 Rab8 17. Bf4 Qd7 18. Rab1 Bd6 19. Be5 Ng4 20. Qg3 Qe6 21. f4 f6 22. Bxd6 cxd6 23. Re1 Qf5 24. b4 Kf8 25. h3 Nh6 26. Rxe8+ Rxe8 27. Rc1 Ng8 28. a4 Ne7 29. b5 c5 30. Qf2 c4 31. Re1 Qd3 32. Qe3 Qxe3+ 33. Rxe3 d5 34. Kf2 Rd8 35. g4 Kf7 36. Re1 h5 37. a5 hxg4 38. hxg4 Rh8 39. b6 axb6 40. axb6 Rh2+ 41. Kf1 Rb2 42. Rb1 Rxb1+ 43. Nxb1 Ke6 44. b7 Nc6 45. Nc3 Kd6 46. Nb5+ Kd7 47. Ke2 Nb8 1/2-1/2

[Event "CFriend SH-2005-0-00040 email"]
[Site "Chessfriend.com"]
[Date "2005.09.07"]
[Round "1"]
[White "Matic, Davor"]
[Black "Woelfelschneider, Peter"]
[Result "0-1"]
[WhiteElo "2243"]
[BlackElo "2047"]
[PlyCount "112"]
[EventDate "2005.??.??"]
[EventType "tourn (corr)"]
[EventRounds "8"]
[SourceTitle "Corr 2008"]
[Source "ChessBase"]
[SourceDate "2008.06.24"]
[SourceVersion "1"]
[SourceVersionDate "2008.06.24"]
[SourceQuality "1"]

1. d4 d5 2. Bf4 Nf6 3. c3 c6 4. Nf3 Qb6 5. Qb3 Bf5 6. Nbd2 Nbd7 7. e3 h6 8. Be2 e6 9. 0-0 Be7 10. Ne5 g5 11. Bg3 Qxb3 12. axb3 h5 13. f3 h4 14. Bf2 Bd6 15. f4 gxf4 16. exf4 Ne4 17. Nxe4 Bxe4 18. Rfe1 Ke7 19. Bf3 Bf5 20. Be3 Nf6 21. c4 Nh5 22. c5 Bc7 23. Bxh5 Rxh5 24. Nf3 a6 25. Bf2 Rah8 26. Ra4 Be4 27. Ng5 Bd3 28. g4 hxg3 29. Bxg3 Bf5 30. Re3 Ra8 31. b4 Rg8 32. Ra1 Bb8 33. Rae1 Kd7 34. Nxf7 Bxf4 35. Ne5+ Kc8 36. Rb3 Rh4 37. Kf2 Bxg3+ 38. hxg3 Rxd4 39. Nf3 Rdg4 40. Ne5 R4g5 41. Nf7 Rh5 42. Nd6+ Kb8 43. Re5 Ka7 44. Kg1 Rgh8 45. Nxf5 exf5 46. Kg2 Rh2+ 47. Kf3 Rf8 48. Re7 f4 49. b5 axb5 50. Ra3+ Kb8 51. gxf4 Rxb2 52. Rae3 Rc2 53. Re8+ Rxe8 54. Rxe8+ Kc7 55. Re7+ Kd8 56. Rxb7 Rxc5 0-1

[Event "CFriend SH-2005-0-00040 email"]
[Site "Chessfriend.com"]
[Date "2005.09.07"]
[Round "1"]
[White "Nenciulescu, Silviu Catalin"]
[Black "Matic, Davor"]
[Result "1/2-1/2"]
[WhiteElo "2056"]
[BlackElo "2243"]
[PlyCount "55"]
[EventDate "2005.??.??"]
[EventType "tourn (corr)"]
[EventRounds "8"]
[SourceTitle "Corr 2008"]
[Source "ChessBase"]
[SourceDate "2008.06.24"]
[SourceVersion "1"]
[SourceVersionDate "2008.06.24"]
[SourceQuality "1"]

1. d4 Nf6 2. c4 c5 3. d5 b5 4. cxb5 a6 5. bxa6 g6 6. Nc3 Bxa6 7. Nf3 Bg7 8. g3 d6 9. Bh3 Nbd7 10. 0-0 Nb6 11. Re1 0-0 12. e4 Nfd7 13. Qc2 Nc4 14. Bxd7 Qxd7 15. b3 Qg4 16. Kg2 Ne5 17. Nxe5 Bxe5 18. Bb2 Bc8 19. Na4 Qh3+ 20. Kg1 Bg4 21. f4 Bxb2 22. Nxb2 g5 23. fxg5 f6 24. Qd2 Bf3 25. Nc4 fxg5 26. Qxg5+ Kh8 27. Qd2 Rf6 28. e5 1/2-1/2

[Event "CFriend SH-2005-0-00040 email"]
[Site "Chessfriend.com"]
[Date "2005.09.07"]
[Round "1"]
[White "Von Saleski, Marcel"]
[Black "Matic, Davor"]
[Result "1-0"]
[WhiteElo "2141"]
[BlackElo "2243"]
[PlyCount "89"]
[EventDate "2005.??.??"]
[EventType "tourn (corr)"]
[EventRounds "8"]
[SourceTitle "Corr 2008"]
[Source "ChessBase"]
[SourceDate "2008.06.24"]
[SourceVersion "1"]
[SourceVersionDate "2008.06.24"]
[SourceQuality "1"]

1. e4 e5 2. Nf3 Nf6 3. Nxe5 d6 4. Nf3 Nxe4 5. Nc3 Nxc3 6. dxc3 Be7 7. Bf4 0-0 8. Qd2 Nd7 9. 0-0-0 Nc5 10. Be3 Be6 11. Kb1 Re8 12. Nd4 Bd7 13. f3 a5 14. h4 a4 15. h5 Bf6 16. g4 Qe7 17. Bf4 a3 18. b3 h6 19. Bc4 Be5 20. Rhg1 Qh4 21. Be3 c6 22. g5 hxg5 23. Rh1 Bf4 24. Rxh4 Bxe3 25. Qh2 d5 26. h6 gxh4 27. hxg7 dxc4 28. Qxh4 Kxg7 29. Qg3+ Kf6 30. f4 Ne4 31. Qxe3 c5 32. Nf3 Bg4 33. Kc1 Ng3 34. Qxc5 Ne2+ 35. Kb1 Nxc3+ 36. Ka1 Nxd1 37. Qg5+ Ke6 38. Qxg4+ Kd6 39. Ne5 Rad8 40. Qxd1+ Kc7 41. Qc1 c3 42. Nxf7 Rd2 43. Ne5 Rh8 44. Nd3 Rhh2 45. Kb1 1-0

[Event "CFriend SH-2005-0-00039 email"]
[Site "Chessfriend.com"]
[Date "2005.08.10"]
[Round "1"]
[White "Blom, Erik"]
[Black "Matic, Davor"]
[Result "1-0"]
[WhiteElo "2406"]
[BlackElo "2243"]
[PlyCount "101"]
[EventDate "2005.08.10"]
[EventType "tourn (corr)"]
[EventRounds "6"]
[SourceTitle "Corr 2008"]
[Source "ChessBase"]
[SourceDate "2008.06.24"]
[SourceVersion "1"]
[SourceVersionDate "2008.06.24"]
[SourceQuality "1"]

1. e4 e5 2. Nf3 Nc6 3. Bc4 Nf6 4. Ng5 d5 5. exd5 Nd4 6. c3 b5 7. Bf1 Nxd5 8. Ne4 Ne6 9. Bxb5+ Bd7 10. Bxd7+ Qxd7 11. d4 exd4 12. cxd4 Be7 13. 0-0 0-0 14. Nbc3 Rad8 15. Re1 Nxc3 16. Nxc3 Nxd4 17. Be3 c5 18. Rc1 Qb7 19. Na4 Rd5 20. b3 Qd7 21. Nc3 Re5 22. Na4 Rd8 23. f4 Rd5 24. Bf2 Qc7 25. Rc4 Bf6 26. Nc3 Rf5 27. Qc1 Ne6 28. Ne4 Rxf4 29. Nxf6+ gxf6 30. Rxf4 Qxf4 31. Qxf4 Nxf4 32. Bxc5 Rd2 33. Be3 Rxg2+ 34. Kf1 Rg4 35. Bxa7 Nd3 36. Rd1 Ne5 37. Bc5 Rf4+ 38. Ke2 h5 39. a4 Rh4 40. Rh1 Nd7 41. Bf2 Rh3 42. b4 Rb3 43. Rd1 Ne5 44. b5 Kg7 45. Rd4 Rb2+ 46. Rd2 Rb3 47. Rc2 Ng4 48. Bc5 Ne5 49. b6 Nd7 50. a5 Rb5 51. a6 1-0

[Event "CFriend SH-2005-0-00039 email"]
[Site "Chessfriend.com"]
[Date "2005.08.10"]
[Round "1"]
[White "Matic, Davor"]
[Black "Otero, Carlos Alberto"]
[Result "1-0"]
[WhiteElo "2243"]
[BlackElo "2034"]
[PlyCount "69"]
[EventDate "2005.08.10"]
[EventType "tourn (corr)"]
[EventRounds "6"]
[SourceTitle "Corr 2008"]
[Source "ChessBase"]
[SourceDate "2008.06.24"]
[SourceVersion "1"]
[SourceVersionDate "2008.06.24"]
[SourceQuality "1"]

1. d4 Nf6 2. c4 e6 3. Nc3 Bb4 4. e3 c5 5. Nf3 0-0 6. Bd3 d5 7. 0-0 Nc6 8. a3 Bxc3 9. bxc3 dxc4 10. Bxc4 Qc7 11. Bb2 e5 12. h3 Bf5 13. Qe2 Rad8 14. Bb5 e4 15. Nd2 cxd4 16. cxd4 a6 17. Bc4 Nd5 18. a4 Bg6 19. Rfc1 Qd6 20. Ba3 Ndb4 21. a5 Qf6 22. Rcb1 b5 23. axb6 a5 24. Nb3 Rfe8 25. Bb5 Nd3 26. b7 Bf5 27. Qc2 Bxh3 28. Bxc6 Qg5 29. g3 Qh5 30. Nd2 Qe2 31. Rf1 Ne5 32. dxe5 Rxd2 33. Qxe4 Bxf1 34. Rxf1 Rb8 35. e6 1-0

[Event "CFriend SH-2005-0-00039 email"]
[Site "Chessfriend.com"]
[Date "2005.08.10"]
[Round "1"]
[White "Nenciulescu, Silviu Catalin"]
[Black "Matic, Davor"]
[Result "1/2-1/2"]
[WhiteElo "2056"]
[BlackElo "2243"]
[PlyCount "102"]
[EventDate "2005.08.10"]
[EventType "tourn (corr)"]
[EventRounds "6"]
[SourceTitle "Corr 2008"]
[Source "ChessBase"]
[SourceDate "2008.06.24"]
[SourceVersion "1"]
[SourceVersionDate "2008.06.24"]
[SourceQuality "1"]

1. d4 Nf6 2. c4 g6 3. Nc3 Bg7 4. e4 d6 5. h3 0-0 6. Nf3 e5 7. d5 a5 8. Bg5 Na6 9. Nd2 Qe8 10. Be2 Nd7 11. a3 f6 12. Bh4 Nb6 13. b3 Bh6 14. 0-0 Nc5 15. Rb1 Bd7 16. b4 axb4 17. axb4 Nba4 18. Nxa4 Bxa4 19. Qe1 Bxd2 20. Qxd2 Nxe4 21. Qe3 f5 22. Rfc1 Nf6 23. Ra1 f4 24. Qf3 Bd7 25. Bxf6 Rxf6 26. Qc3 Rf8 27. Rxa8 Qxa8 28. Ra1 Qe8 29. Ra7 Qb8 30. Ra3 b6 31. c5 bxc5 32. bxc5 Bf5 33. Ra1 Qb7 34. c6 Qb6 35. Bd3 Bxd3 36. Qxd3 Kg7 37. Rb1 Qd4 38. Qxd4 exd4 39. Kf1 Kf6 40. Re1 Ra8 41. Re6+ Kf5 42. Ke2 Ra2+ 43. Kd3 Rxf2 44. Rxd6 f3 45. gxf3 Ke5 46. Rd8 Rxf3+ 47. Kd2 Rc3 48. h4 Ke4 49. Rd7 Rc4 50. Rxc7 Kxd5 51. Rd7+ Kxc6 1/2-1/2

[Event "CFriend SH-2005-0-00039 email"]
[Site "Chessfriend.com"]
[Date "2005.08.10"]
[Round "1"]
[White "Shishkin, Victor A"]
[Black "Matic, Davor"]
[Result "1/2-1/2"]
[WhiteElo "2117"]
[BlackElo "2243"]
[PlyCount "41"]
[EventDate "2005.08.10"]
[EventType "tourn (corr)"]
[EventRounds "6"]
[SourceTitle "Corr 2008"]
[Source "ChessBase"]
[SourceDate "2008.06.24"]
[SourceVersion "1"]
[SourceVersionDate "2008.06.24"]
[SourceQuality "1"]

1. d4 Nf6 2. c4 g6 3. Nc3 Bg7 4. e4 d6 5. Be2 0-0 6. Nf3 e5 7. dxe5 dxe5 8. 0-0 Nc6 9. Bg5 Qxd1 10. Raxd1 Bg4 11. h3 Bxf3 12. Bxf3 Nd4 13. Nb5 Nxf3+ 14. gxf3 c6 15. Nd6 b6 16. b4 Rfd8 17. c5 bxc5 18. bxc5 h6 19. Be3 Bf8 20. Nc4 Re8 21. Kh2 1/2-1/2

[Event "CFriend WC-2004-F-00006"]
[Site "Chessfriend.com"]
[Date "2005.05.16"]
[Round "1"]
[White "Daurelle, Herve"]
[Black "Matic, Davor"]
[Result "1-0"]
[WhiteElo "2272"]
[BlackElo "2243"]
[PlyCount "103"]
[EventDate "2005.??.??"]
[EventType "tourn (corr)"]
[EventRounds "6"]
[SourceTitle "Corr 2008"]
[Source "ChessBase"]
[SourceDate "2008.06.24"]
[SourceVersion "1"]
[SourceVersionDate "2008.06.24"]
[SourceQuality "1"]

1. e4 e5 2. Nf3 Nc6 3. Bb5 a6 4. Ba4 Nf6 5. 0-0 Be7 6. Re1 b5 7. Bb3 0-0 8. c3 d6 9. h3 Na5 10. Bc2 c5 11. d4 Nd7 12. Nbd2 Bf6 13. Nf1 Nc6 14. dxc5 dxc5 15. Ne3 Nb6 16. a4 Be6 17. axb5 Qxd1 18. Rxd1 axb5 19. Rxa8 Rxa8 20. Nd5 Bd8 21. Nxb6 Bxb6 22. Be3 Ra6 23. b4 Bc4 24. bxc5 Ba5 25. Ra1 Ra7 26. Ra3 f6 27. Nd2 Bf7 28. Bd3 Rb7 29. f4 Rb8 30. g3 g6 31. Nf3 Be6 32. Kg2 b4 33. cxb4 Rxb4 34. fxe5 fxe5 35. Kg1 Rb2 36. Ng5 Rb3 37. Rxb3 Bxb3 38. Nf3 Be6 39. Bb5 Bd7 40. Nd2 Nb8 41. Bxd7 Nxd7 42. Nc4 Bc7 43. Nb6 Nb8 44. Kf2 Kf7 45. Ke2 Ke6 46. Kd3 Nc6 47. Kc4 h5 48. Kb5 Nd4+ 49. Ka6 Ne2 50. Kb7 Bd8 51. c6 Nxg3 52. Na4 1-0

[Event "IECG WC.2004.F.00006"]
[Site "IECG email"]
[Date "2005.05.16"]
[Round "?"]
[White "Dyakov, Alexander V"]
[Black "Matic, Davor"]
[Result "1-0"]
[WhiteElo "2223"]
[BlackElo "2243"]
[PlyCount "99"]
[EventDate "2005.05.16"]
[EventType "tourn (corr)"]
[EventRounds "6"]
[SourceTitle "Corr 2008"]
[Source "ChessBase"]
[SourceDate "2008.06.24"]
[SourceVersion "1"]
[SourceVersionDate "2008.06.24"]
[SourceQuality "1"]

1. e4 e5 2. Nf3 Nc6 3. Bc4 Nf6 4. d3 Bc5 5. c3 a6 6. Nbd2 Ba7 7. h3 0-0 8. Bb3 d5 9. 0-0 dxe4 10. dxe4 Qe7 11. Re1 Be6 12. Nf1 Rad8 13. Qc2 h6 14. Be3 Rd7 15. Bxa7 Nxa7 16. Rad1 Rfd8 17. Rxd7 Rxd7 18. Ne3 Nc6 19. Bxe6 Qxe6 20. b3 Ne7 21. Rd1 Ng6 22. c4 Nf4 23. Nd5 N6h5 24. Nxf4 Nxf4 25. Rxd7 Qxd7 26. Qd2 Qxd2 27. Nxd2 Kf8 28. a3 Ke7 29. b4 Kd6 30. Nb3 Nd3 31. c5+ Kc6 32. Na5+ Kb5 33. Nxb7 Ka4 34. Nd6 f6 35. c6 Nf4 36. g3 Nxh3+ 37. Kg2 Ng5 38. f4 exf4 39. gxf4 Ne6 40. f5 Nd4 41. Nb7 Nxc6 42. Nc5+ Kb5 43. Ne6 Nb8 44. Nxg7 Nd7 45. Ne6 c6 46. Kg3 Ka4 47. Nc5+ Nxc5 48. bxc5 Kb5 49. e5 Kxc5 50. Kg4 1-0

[Event "CFriend WC-2004-F-00006"]
[Site "Chessfriend.com"]
[Date "2005.05.16"]
[Round "1"]
[White "Matic, Davor"]
[Black "Bergmann, Michael"]
[Result "1/2-1/2"]
[WhiteElo "2243"]
[BlackElo "2447"]
[PlyCount "38"]
[EventDate "2005.??.??"]
[EventType "tourn (corr)"]
[EventRounds "6"]
[SourceTitle "Corr 2008"]
[Source "ChessBase"]
[SourceDate "2008.06.24"]
[SourceVersion "1"]
[SourceVersionDate "2008.06.24"]
[SourceQuality "1"]

1. d4 Nf6 2. c4 e6 3. Nc3 Bb4 4. e3 c5 5. Nge2 cxd4 6. exd4 0-0 7. a3 Be7 8. Nf4 d5 9. cxd5 Nxd5 10. Ncxd5 exd5 11. Bd3 Nc6 12. 0-0 Bf6 13. Be3 g6 14. Rc1 Qd6 15. Bb1 Be6 16. Qd2 Rfe8 17. b4 Rac8 18. Ba2 Ne7 19. Nxe6 Rxc1 1/2-1/2

[Event "CFriend WC-2004-F-00006"]
[Site "Chessfriend.com"]
[Date "2005.05.16"]
[Round "1"]
[White "Matic, Davor"]
[Black "Perez, Brigiliano"]
[Result "1/2-1/2"]
[WhiteElo "2243"]
[BlackElo "2374"]
[PlyCount "51"]
[EventDate "2005.??.??"]
[EventType "tourn (corr)"]
[EventRounds "6"]
[SourceTitle "Corr 2008"]
[Source "ChessBase"]
[SourceDate "2008.06.24"]
[SourceVersion "1"]
[SourceVersionDate "2008.06.24"]
[SourceQuality "1"]

1. d4 Nf6 2. c4 e6 3. Nc3 d5 4. Nf3 Be7 5. Bf4 0-0 6. e3 c5 7. dxc5 Bxc5 8. cxd5 Nxd5 9. Nxd5 exd5 10. a3 Nc6 11. Bd3 Bb6 12. 0-0 Bg4 13. h3 Bh5 14. b4 a6 15. Rb1 d4 16. b5 axb5 17. Rxb5 Bxf3 18. Qxf3 dxe3 19. Bxe3 Bxe3 20. Qxe3 Re8 21. Qg3 Qe7 22. Rfb1 Rxa3 23. Rxb7 Qf8 24. R7b3 Rxb3 25. Rxb3 g6 26. Bc4 1/2-1/2

[Event "CFriend WC-2004-F-00006"]
[Site "Chessfriend.com"]
[Date "2005.05.16"]
[Round "1"]
[White "Simmelink, Joop Theo"]
[Black "Matic, Davor"]
[Result "1/2-1/2"]
[WhiteElo "2297"]
[BlackElo "2243"]
[PlyCount "68"]
[EventDate "2005.??.??"]
[EventType "tourn (corr)"]
[EventRounds "6"]
[SourceTitle "Corr 2008"]
[Source "ChessBase"]
[SourceDate "2008.06.24"]
[SourceVersion "1"]
[SourceVersionDate "2008.06.24"]
[SourceQuality "1"]

1. e4 e5 2. Nf3 Nc6 3. Bb5 a6 4. Ba4 Nf6 5. 0-0 Be7 6. Qe2 b5 7. Bb3 d6 8. c3 Na5 9. Bc2 c5 10. d3 0-0 11. Nbd2 Nc6 12. Rd1 Be6 13. Nf1 h6 14. Ne3 Re8 15. h3 Bf8 16. Nh2 d5 17. Bb3 Na5 18. Bxd5 Nxd5 19. exd5 Bxd5 20. Nxd5 Qxd5 21. Ng4 f5 22. Ne3 Qf7 23. Qf3 f4 24. Ng4 Rad8 25. Qe4 Nc4 26. a4 h5 27. Nh2 Nd6 28. Qe2 c4 29. axb5 cxd3 30. Qxd3 Ne4 31. Qxd8 Rxd8 32. Rxd8 Qe7 33. Rxf8+ Kxf8 34. bxa6 Qc5 1/2-1/2

[Event "CFriend AT-2005-0-00017 email"]
[Site "Chessfriend.com"]
[Date "2005.01.08"]
[Round "1"]
[White "Matic, Davor"]
[Black "Miszta, Feliks"]
[Result "1-0"]
[WhiteElo "2243"]
[BlackElo "1615"]
[PlyCount "105"]
[EventDate "2005.??.??"]
[EventType "tourn (corr)"]
[EventRounds "2"]
[SourceTitle "Corr 2024"]
[Source "ChessBase"]
[SourceDate "2023.10.19"]
[SourceVersion "1"]
[SourceVersionDate "2023.10.19"]
[SourceQuality "1"]

1. d4 Nf6 2. c4 e6 3. Nf3 d5 4. Nc3 Be7 5. Bg5 h6 6. Bxf6 Bxf6 7. e3 0-0 8. Rc1 c6 9. Bd3 Nd7 10. 0-0 dxc4 11. Bxc4 e5 12. h3 exd4 13. exd4 c5 14. Ne4 cxd4 15. Nxf6+ Nxf6 16. Qb3 Bf5 17. Rfd1 Be4 18. Nxd4 Qe7 19. Qe3 Qb4 20. Nb5 Rfd8 21. Rd4 Qxb2 22. Nd6 Bg6 23. Bb3 Ne8 24. Rb4 Qf6 25. Nxf7 Bxf7 26. Rf4 Rd3 27. Rxf6 Rxe3 28. Bxf7+ Kf8 29. fxe3 gxf6 30. Bd5 Nd6 31. Rc7 Re8 32. Bxb7 Rxe3 33. Bd5 Re5 34. Bb3 a5 35. Rd7 Ne4 36. Rf7+ Ke8 37. Rh7 Nc3 38. Rxh6 a4 39. Bc4 Re4 40. Bg8 Kf8 41. Rg6 f5 42. Be6 Re2 43. h4 Ke7 44. Bxf5 Rxa2 45. Ra6 Ne2+ 46. Kh2 Nf4 47. Be4 a3 48. Bf3 Ne6 49. h5 Ng5 50. Bg4 Ra1 51. h6 Rf1 52. Ra7+ Kf8 53. Bf3 1-0

[Event "CFriend MZ-2004-1-00001 email"]
[Site "Chessfriend.com"]
[Date "2004.08.28"]
[Round "1"]
[White "Hallengren, Boris"]
[Black "Matic, Davor"]
[Result "1/2-1/2"]
[WhiteElo "2114"]
[BlackElo "2243"]
[PlyCount "50"]
[EventDate "2004.??.??"]
[EventType "tourn (corr)"]
[EventRounds "6"]
[SourceTitle "Corr 2024"]
[Source "ChessBase"]
[SourceDate "2023.10.19"]
[SourceVersion "1"]
[SourceVersionDate "2023.10.19"]
[SourceQuality "1"]

1. e4 e5 2. Nf3 Nc6 3. Bb5 a6 4. Ba4 Nf6 5. 0-0 b5 6. Bb3 Bb7 7. d3 Be7 8. Nc3 0-0 9. Nd5 Na5 10. Nxe7+ Qxe7 11. Nh4 Nxb3 12. Nf5 Qe6 13. axb3 d5 14. f3 Ne8 15. Be3 d4 16. Bd2 Nd6 17. Bb4 f6 18. Ng3 Rfe8 19. Qd2 Bc8 20. f4 Nb7 21. fxe5 Qxe5 22. Qe1 Nd8 23. Bd2 c5 24. Bf4 Qe7 25. Nh5 Ne6 1/2-1/2